قبے اور مزارات کى تعمير (Record no. 542333)
[ view plain ]
| 000 -LEADER | |
|---|---|
| fixed length control field | 00400nam a22001337a 4500 |
| 082 ## - DEWEY DECIMAL CLASSIFICATION NUMBER | |
| Classification number | 297.7 |
| Author Mark | MUB |
| -- | D |
| 100 ## - MAIN ENTRY--PERSONAL NAME | |
| Personal name | Muhammad Bin Ibrahim Bin Abdul Latif |
| 9 (RLIN) | 37467 |
| 245 ## - TITLE STATEMENT | |
| Title | قبے اور مزارات کى تعمير |
| Statement of responsibility, etc. | Muhammad Bin Ibrahim Bin Abdul Latif |
| 260 ## - PUBLICATION, DISTRIBUTION, ETC. | |
| Place of publication, distribution, etc. | Lahore. |
| Name of publisher, distributor, etc. | Daruslam. |
| 300 ## - PHYSICAL DESCRIPTION | |
| Extent | 90 P. |
| 526 ## - STUDY PROGRAM INFORMATION NOTE | |
| Program name | 0 |
| Interest level | 0 |
| Reading level | 0 |
| Title point value | 297_700000000000000_MUB |
| 650 ## - SUBJECT ADDED ENTRY--TOPICAL TERM | |
| Topical term or geographic name entry element | MCE |
| 9 (RLIN) | 379 |
| 942 ## - ADDED ENTRY ELEMENTS (KOHA) | |
| Source of classification or shelving scheme | |
| Koha item type | Book |
| Withdrawn status | Lost status | Source of classification or shelving scheme | Damaged status | Not for loan | Permanent Location | Current Location | Date acquired | Total Checkouts | Full call number | Barcode | Date last seen | Price effective from | Koha item type |
|---|---|---|---|---|---|---|---|---|---|---|---|---|---|
| Military College of Engineering (MCE) | Military College of Engineering (MCE) | 10/11/2013 | 297.7 MUB | MCE-35173 | 10/11/2013 | 10/11/2013 | Book |
